000 00649nam a2200193Ia 4500
003 GCL
008 140319s9999 xx 000 0 ara d
040 _aGCL /
_cGCL
082 0 4 _a632.6
_bخ ا
100 1 _aخالد عبدالرازق حبيب
245 1 0 _aالافات الحيوانية غير الحشرية وطرق مقاومتها /
_cخالد عبدالرازق حبيب
700 1 _aابراهيم جدوع الجبورى
700 1 _aخولة طه النعيمى
260 _a[S.N] :
_bجامعة الموصل ،
_c1984
490 _a
650 0 4 _aالزراعة
650 0 4 _aالافات الزراعية
942 _2ddc
_cBK
999 _c50880
_d50880